000 00986pab a2200181 454500
008 180718b2004 xxu||||| |||| 00| 0 eng d
100 _aJafa, V.S.
245 _aThe reform process and financial management
260 _c2004
300 _ap.596-603.
362 _aJul-Sep
520 _aResults of the first generation of reforms which were ushered in 1991 are for everybody to see. The national economy is progressing on robust fundamentals. But to keep this progress steady and sustain the gains of the last decade, important changes in the administrative procedures and mindset are urgently called for. Sound economic policies need that suitable and forward looking policy framework is regularly evolved and an alert and committed implementation machinery delivers the goods and services with efficiency. - Reproduced.
650 _aFinancial administration
650 _aEconomic reform
773 _aIndian Journal of Public Administration
908 _aN
909 _a63071
999 _c63071
_d63071